Fr. Conceicao Rodrigues College of Engineering

Digital signal processing Handbook (Record no. 25880)

MARC details
000 -LEADER
fixed length control field 00301nam a2200157Ia 4500
082 ## - DEWEY DECIMAL CLASSIFICATION NUMBER
Item number MAD
100 ## - MAIN ENTRY--PERSONAL NAME
Personal name Madisetti/Vijay K
250 ## - EDITION STATEMENT
Edition statement 2
245 ## - TITLE STATEMENT
Title Digital signal processing Handbook
260 ## - PUBLICATION, DISTRIBUTION, ETC.
Name of publisher, distributor, etc. CRC
366 ## - TRADE AVAILABILITY INFORMATION
Publishers's discount category 20
546 ## - LANGUAGE NOTE
Language note ENGLISH
650 ## - SUBJECT ADDED ENTRY--TOPICAL TERM
Topical term or geographic name entry element DSP
654 ## - SUBJECT ADDED ENTRY--FACETED TOPICAL TERMS
Focus term dsp
942 ## - ADDED ENTRY ELEMENTS (KOHA)
Koha item type Reference Book
Holdings
Withdrawn status Lost status Damaged status Not for loan Collection Home library Current library Date acquired Source of acquisition Cost, normal purchase price Inventory number Total Checkouts Full call number Barcode Date last seen Cost, replacement price Price effective from Koha item type
        CRC Fr. Agnel's C.Rodrigues College of Engineering Fr. Agnel's C.Rodrigues College of Engineering 17/03/2023 Shroff Publishers 3200.00 4112 dt 20.01.2018   MAD 25064 17/03/2023 4000.00   Reference Book